Riconosci lo Stadio - Italia - Quiz n°6 - Statistics

Statistiche generali
  • Questo quiz è stato fatto 101 volte
  • Il punteggio medio è 7 su 10
Statistiche sulle risposte
con Immagini Risposta % Corretto
Stadio San Nicola - Bari
93%
Stadio Renzo Barbera - Palermo
90%
Stadio Via del mare - Lecce
89%
Stadio Oreste Granillo - Reggio Calabria
75%
Stadio Benito Stirpe - Frosinone
66%
Stadio Piercesare Tombolato - Cittadella
61%
Orogel Stadium-Dino Manuzzi - Cesena
57%
Stadio Alberto Braglia - Modena
52%
Stadio Angelo Massimino - Catania
37%
Stadio Ezio Scida - Crotone
35%
Nessun quiz corrispondente trovato
Distribuzione punteggi
Percentuale di utenti per punteggio
Percentile per numero di risposta
I tuoi punteggi nel tempo
Non hai fatto questo quiz